Statistics for Capital Cities Closest to London

Click here to take the quiz!

General Stats

  • This quiz has been taken 2,194 times
  • The average score is 14 of 20

Answer Stats

Distance Capital City % Correct
213Paris
98%
199Brussels
93%
288Dublin
93%
222Amsterdam
92%
786Madrid
91%
580Berlin
91%
718Oslo
86%
594Copenhagen
83%
891Stockholm
82%
298Luxembourg
79%
769Vienna
78%
465Bern
77%
643Prague
70%
642Monaco
58%
529Vaduz
50%
801Bratislava
49%
625Andorra la Vella
47%
783San Marino
44%
832Zagreb
40%
764Ljubljana
37%

Score Distribution

Percentile by Number Answered

Percent of People with Each Score

Your Score History

You have not taken this quiz